000 00704nam a2200289Ia 4500
005 20260324134504.0
008 008 260324s9999 xx 000 0 eng d
020 _a9781315011974
037 _aEBOOK
040 _aCRL
040 _beng
040 _cCRL
041 _2eng
041 _aeng
084 _qCRL
100 _aRomesh Chunder Dutt
_9998401
245 2 _aA History of Civilisation in Ancient India
245 0 _bBased on Sanscrit Literature: Volume I
260 _bTaylor and Francis
260 _c2001
365 _a
365 _b510
856 _uhttp://www.taylorfrancis.com/books/9781315011974
942 _cEBOOK
999 _c1797168
_d1797168